Normal view
MARC view
- Educational change. Christian education.
Entry Topical Term
001 - CONTROL NUMBER
- control field: 86775
003 - CONTROL NUMBER IDENTIFIER
- control field: OSt
005 - DATE AND TIME OF LATEST TRANSACTION
- control field: 20251010111059.0
008 - FIXED-LENGTH DATA ELEMENTS
- fixed length control field: 251010|| aca||aabn | a|a d
040 ## - CATALOGING SOURCE
- Original cataloging agency: OSt
- Transcribing agency: OSt
150 ## - HEADING--TOPICAL TERM
- Topical term or geographic name as entry element: Educational change. Christian education.
- General subdivision: Congresses
670 ## - SOURCE DATA FOUND
- Source citation: Work cat.: (OSt)49646: Agenda for educational change /, 1997.